{"text_format":"3","workbook":"xlsx","n_sheets":3,"sheets":["Sheet1","Sheet2","Sheet3"],"read":"whole","date_system":"1900"}

{"sheet":"Sheet1","index":0,"n_rows":66,"n_cols":9,"rows_kept":66,"merged":[[0,0,0,8],[2,0,20,0],[21,0,23,0],[24,0,25,0],[26,0,31,0],[37,0,37,8],[39,0,51,0],[52,0,54,0],[55,0,56,0],[57,0,64,0]]}
["附件：2017年全校计算机办公相关设备耗材计划"]
["耗材类型","序号","耗材型号","品牌","适用设备","数量","单位","单价（元）","总价（元）"]
["硒鼓粉盒",1,"HP CE320A硒鼓","HP原装","HP LaserJet CM1415fn/fnw",3,"个"]
[null,2,"HP CE321A硒鼓","HP原装","HP LaserJet CM1415fn/fnw",3,"个"]
[null,3,"HP CE322A硒鼓","HP原装","HP LaserJet CM1415fn/fnw",3,"个"]
[null,4,"HP CE323A硒鼓","HP原装","HP LaserJet CM1415fn/fnw",3,"个"]
[null,5,"HP Q6000A硒鼓","HP原装","hp color laserjet 2605",3,"个"]
[null,6,"HP Q6001A硒鼓","HP原装","hp color laserjet 2605",3,"个"]
[null,7,"HP Q6002A硒鼓","HP原装","hp color laserjet 2605",3,"个"]
[null,8,"HP Q6003A硒鼓","HP原装","hp color laserjet 2605",3,"个"]
[null,9,"HP Q7516A硒鼓","HP原装","HP LaserJet 5200L",2,"个"]
[null,10,"HP CE505硒鼓","HP原装","HP LaserJet P2035dn",5,"个"]
[null,11,"HP Q7553A硒鼓","HP原装","HP LaserJet P2015dn",5,"个"]
[null,12,"莱盛/格之格C388硒鼓","天威/莱盛/格之格","HP P1007/P1008",40,"个"]
[null,13,"莱盛/格之格Q2612硒鼓","天威/莱盛/格之格","HP LJ1020Plus /HP lj1010",40,"个"]
[null,14,"莱盛/格之格C436硒鼓","天威/莱盛/格之格","HP LaserJet M1522nf",8,"个"]
[null,15,"莱盛/格之格CE505硒鼓","天威/莱盛/格之格","HP LaserJet P2035dn",15,"个"]
[null,16,"莱盛/格之格7553硒鼓","天威/莱盛/格之格","HP LaserJet P2015dn",16,"个"]
[null,17,"莱盛/格之格2050粉盒","天威/莱盛/格之格","联想LenovoLJ2400/LJ2600",10,"个"]
[null,18,"莱盛/格之格2822/2922粉仓","天威/莱盛/格之格","联想LenovoLJM7650/LJ2250N ",22,"个"]
[null,19,"莱盛/格之格2020鼓架","天威/莱盛/格之格","联想M3200/LenovoLJ2200/LJ2000",6,"个"]
["墨盒",20,"EPSON 109墨盒","EPSON原装","EPSON PHOTO 20",6,"个"]
[null,21,"EPSON 141墨盒","EPSON原装","爱普生 ME33/ME35/85ND ",6,"个"]
[null,22,"HP 6615","HP原装","HP Deskjet 840c/845c",5,"个"]
["纸张",23,"蓝钢炮A3 80G复印纸","APP蓝钢炮",null,5,"箱"]
[null,24,"蓝钢炮A4 80G复印纸","APP蓝钢炮",null,45,"箱"]
["其它",25,"EPSON LQ-650色带","EPSON原装","EPSON LQ-650K/630K",4,"条"]
[null,26,"DS-61色带","得实原装","得实1700TX /1100TII",10,"条"]
[null,27,"MAXELL CD-R","MAXELL",null,50,"片"]
[null,28,"MAXELL DVD-R","MAXELL",null,50,"片"]
[null,29,"SONY DV带","SONY",null,10,"盒"]
[null,32,"东芝32G U盘","东芝",null,10,"个"]
[null,33,"电池","南孚","5号",80,"对"]
[null,34,"电池","南孚","7号",79,"对"]
["合计"]
[]
[]
["2014年曲靖医专计算机相关设备耗材报价表"]
["耗材类型","序号","耗材型号","品牌","适用设备","数量","单位","单价","金额"]
["硒鼓粉盒",1,"HP CE320A硒鼓","HP原装","HP LaserJet CM1415fn/fnw",5,"个",320,{"$f":"H40*F40","v":1600}]
[null,2,"HP CE321A硒鼓","HP原装","HP LaserJet CM1416fn/fnw",4,"个",350,{"$f":"H41*F41","v":1400}]
[null,3,"HP CE322A硒鼓","HP原装","HP LaserJet CM1417fn/fnw",4,"个",350,1400]
[null,4,"HP CE323A硒鼓","HP原装","HP LaserJet CM1418fn/fnw",4,"个",350,1400]
[null,5,"HP Q7516A硒鼓","HP原装","HP LaserJet 5200L",4,"个",915,3660]
[null,6,"HP CE505硒鼓","HP原装","HP LaserJet P2035dn",4,"个",400,1600]
[null,7,"HP Q7553A硒鼓","HP原装","HP LaserJet P2015dn",4,"个",400,1600]
[null,8,"莱盛C388硒鼓","莱盛","HP P1007/P1008",37,"个",90,3330]
[null,9,"莱盛Q2612硒鼓","莱盛","HP LJ1020Plus /HP lj1010",30,"个",85,2550]
[null,10,"莱盛C436硒鼓","莱盛","HP LaserJet M1522nf",5,"个",90,450]
[null,11,"莱盛2822粉盒","莱盛","联想LJ2200/联想M7250",23,"个",90,2070]
[null,12,"莱盛2050粉盒","莱盛","联想LJ2000/联想M3200",17,"个",90,1530]
[null,13,"莱盛2020鼓架","莱盛","联想LJ2000/联想M3200",3,"个",180,540]
["墨盒",14,"EPSON 109墨盒","EPSON原装","EPSON PHOTO 20",4,"个",65,260]
[null,15,"EPSON 141墨盒","EPSON原装","爱普生 ME33/ME35/85ND ",8,"个",50,400]
[null,16,"HP 6615","HP原装","HP Deskjet 840c/845c",3,"个",170,510]
["纸张",17,"蓝钢炮A3 80G复印纸","APP蓝钢炮",null,3,"箱",150,450]
[null,18,"蓝钢炮A4 80G复印纸","APP蓝钢炮",null,37,"箱",150,5550]
["其它",19,"EPSON LQ-650色带","EPSON原装","EPSON LQ-650K/630K",5,"条",12,60]
[null,20,"DS-61色带","得实原装","得实1700TX /1100TII",12,"条",15,180]
[null,21,"MAXELL CD-R","MAXELL",null,200,"片",1.2,240]
[null,22,"MAXELL DVD-R","MAXELL",null,300,"片",1.5,450]
[null,23,"SONY DV带","SONY",null,20,"盒",16,320]
[null,24,"莱盛","东芝",null,5,"个",30,150]
[null,25,"东芝16G U盘","东芝",null,5,"个",40,200]
[null,26,"东芝32G U盘","东芝",null,5,"个",80,400]
["合计",{"$nulls":7},{"$f":"SUM(I40:I65)","v":32300}]

{"sheet":"Sheet2","index":1,"n_rows":0,"n_cols":0,"rows_kept":0}

{"sheet":"Sheet3","index":2,"n_rows":0,"n_cols":0,"rows_kept":0}